[Event "Hainaut-ch"]
[Site "Manage"]
[Date "2008.08.23"]
[Round "9.21"]
[White "Devaux, Quentin"]
[Black "Flabat, Renaud"]
[Result "1-0"]
[WhiteElo "1223"]
[BlackElo "1369"]
[PlyCount "173"]
[EventDate "2008.08.23"]
[EventType "swiss"]
[EventRounds "9"]
[EventCountry "BEL"]
[SourceTitle "EXT 2024"]
[Source "ChessBase"]
[SourceDate "2023.10.10"]
[SourceVersion "1"]
[SourceVersionDate "2023.10.10"]
[SourceQuality "1"]

1. e4 e6 2. d4 d5 3. Nc3 Nf6 4. Bg5 Be7 5. Bd3 Nfd7 6. Bxe7 Qxe7 7. Qd2 a6 8. f4 c5 9. Nf3 cxd4 10. Nxd4 Nc6 11. Nxc6 bxc6 12. 0-0-0 0-0 13. exd5 exd5 14. g3 Nc5 15. Rde1 Nxd3+ 16. Qxd3 Qb7 17. Re3 Be6 18. f5 Bxf5 19. Qxf5 d4 20. Rd3 dxc3 21. Rxc3 Rab8 22. Rb3 Qa7 23. Rxb8 Qe3+ 24. Kb1 Rxb8 25. Qd7 Qe8 26. Rd1 g6 27. Qxe8+ Rxe8 28. b3 Re2 29. Rd6 Rxh2 30. Rxc6 a5 31. Ra6 Rh5 32. Kb2 Rg5 33. Ka3 h5 34. c4 Rxg3 35. Rxa5 h4 36. c5 h3 37. c6 Rc3 38. Ra8+ Kg7 39. Rd8 h2 40. c7 Rxc7 41. Rd1 Rc2 42. b4 Rg2 43. Rh1 Rg3+ 44. Ka4 Rh3 45. b5 g5 46. b6 g4 47. b7 Rh8 48. Rxh2 Rxh2 49. b8Q Rxa2+ 50. Kb3 Rf2 51. Qe5+ Rf6 52. Kc4 Kg6 53. Qe4+ Kg5 54. Kd5 Rf5+ 55. Kd6 Rf3 56. Qh7 f5 57. Ke5 Re3+ 58. Kd4 Re4+ 59. Kd3 Kf4 60. Qh1 g3 61. Qf1+ Kg5 62. Qf3 Rg4 63. Qg2 Kf4 64. Ke2 Kg5 65. Kf3 f4 66. Qh3 Rh4 67. Qc8 Rh2 68. Qg8+ Kf6 69. Qf8+ Ke5 70. Qe7+ Kd5 71. Qe4+ Kc5 72. Qe5+ Kc4 73. Qxf4+ Kc3 74. Qxg3 Rd2 75. Ke4+ Kc2 76. Qc7+ Kd1 77. Qc3 Rc2 78. Qa1+ Rc1 79. Qd4+ Kc2 80. Ke3 Kb3 81. Qd5+ Kb2 82. Qd4+ Rc3+ 83. Kd2 Kb3 84. Qxc3+ Ka2 85. Qb4 Ka1 86. Kc2 Ka2 87. Qb2# 1-0

[Event "Hainaut-ch"]
[Site "Manage"]
[Date "2008.08.23"]
[Round "3.28"]
[White "Flabat, Renaud"]
[Black "Maesfranckx, Jacques"]
[Result "1-0"]
[WhiteElo "1369"]
[BlackElo "1157"]
[PlyCount "75"]
[EventDate "2008.08.23"]
[EventType "swiss"]
[EventRounds "9"]
[EventCountry "BEL"]
[SourceTitle "EXT 2024"]
[Source "ChessBase"]
[SourceDate "2023.10.10"]
[SourceVersion "1"]
[SourceVersionDate "2023.10.10"]
[SourceQuality "1"]

1. e4 d6 2. Bc4 Nf6 3. d3 g6 4. c3 Bg7 5. h3 Nbd7 6. Be3 Ne5 7. Bb3 0-0 8. Nd2 Nxd3+ 9. Kf1 b5 10. Qc2 Ne5 11. Ngf3 Nxf3 12. Nxf3 Bb7 13. Nd2 Nd7 14. Bd5 Bxd5 15. exd5 Ne5 16. Qe4 Qc8 17. Bd4 f5 18. Qe2 a6 19. f4 Nc4 20. Bxg7 Nxd2+ 21. Qxd2 Kxg7 22. Re1 Rf7 23. g4 c6 24. Kg2 cxd5 25. Qxd5 Ra7 26. Qd4+ Kg8 27. Qxa7 Qc6+ 28. Kg3 Qe8 29. Re6 fxg4 30. Rhe1 gxh3 31. Rxe7 Rxe7 32. Rxe7 Qf8 33. Rxh7 g5 34. fxg5 h2 35. Rxh2 Qg7 36. Qxg7+ Kxg7 37. Kf4 Kf7 38. Kf5 1-0